Biografía del Doctor Don Pedro González Velasco. (Record no. 152129)

MARC details
000 -LEADER
campo de control de longitud fija 00947nam a22002055i 4500
001 - NÚMERO DE CONTROL
campo de control 152129
003 - IDENTIFICADOR DE NÚMERO DE CONTROL
campo de control ES-MaACL
005 - FECHA Y HORA DE LA ÚLTIMA TRANSACCIÓN
campo de control 20251015191407.0
008 - DATOS DE LONGITUD FIJA--INFORMACIÓN GENERAL
campo de control de longitud fija 051011s1865 sp | |||||||| ||spa d
040 ## - FUENTE DE CATALOGACIÓN
Centro catalogador/agencia de origen CAM
Lengua de catalogación spa
Centro/agencia transcriptor CAM
245 00 - MENCIÓN DEL TÍTULO
Título Biografía del Doctor Don Pedro González Velasco.
260 ## - PUBLICACIÓN, DISTRIBUCIÓN, ETC.
Lugar de publicación, distribución, etc. Madrid :
Nombre del editor, distribuidor, etc. [s.n.],
Fecha de publicación, distribución, etc. 1865 (
Fabricante Imprenta del Colegio de Sordo-Mudos y de Ciegos)
300 ## - DESCRIPCIÓN FÍSICA
Extensión 15 p. ;
Dimensiones 22 cm.
490 1# - MENCIÓN DE SERIE
Mención de serie Escenas contemporáneas : historia de las Cortes y biografías de los senadores y diputados ... / bajo la dirección de Manuel Ovilo y Otero
600 17 - PUNTO DE ACCESO ADICIONAL DE MATERIA--NOMBRE DE PERSONA
Nombre de persona González Velasco, Pedro,
Fechas asociadas al nombre 1815-1882-
Subdivisión general Biografías
Fuente del encabezamiento o término
9 (RLIN) 127435
700 1# - ENTRADA AGREGADA--NOMBRE PERSONAL
Nombre de persona Ovilo y Otero, Manuel,
Fechas asociadas al nombre 1826-1885
9 (RLIN) 130757
830 00 - PUNTO DE ACCESO ADICIONAL DE SERIE-TÍTULO UNIFORME
Título uniforme Escenas contemporáneas: historia de las Cortes y biografías de los senadores y diputados
9 (RLIN) 241783
852 ## - LOCALIZACIÓN
Ubicación ES-MaACL
Número de control de estantería Fol-Laf-257
Nota libre -- Sin enc.
-- -- Legado de Modesto de la Fuente
Holdings
Estatus retirado Estado de pérdida Estado de daño No para préstamo Colección Biblioteca de origen Biblioteca actual Ubicación en estantería Fecha de adquisición Fuente de adquisición Total de préstamos Signatura topográfica completa Código de barras Visto por última vez Precio de reemplazo Tipo de ítem Koha
        Colección de folletos Biblioteca del Ateneo de Madrid Biblioteca del Ateneo de Madrid Depósito folletos 17/01/2008     Fol-Laf-257 1158820 23/02/2023 23/02/2023 Folleto